<?xml version="1.0" encoding="UTF-8"?><marc:collection xmlns:marc="http://www.loc.gov/MARC21/slim">
  <marc:record>
    <marc:leader>00000nam  2200000za 4500</marc:leader>
    <marc:controlfield tag="001">9.644568</marc:controlfield>
    <marc:controlfield tag="003">CaOODSP</marc:controlfield>
    <marc:controlfield tag="005">20241118074540</marc:controlfield>
    <marc:controlfield tag="007">ta</marc:controlfield>
    <marc:controlfield tag="008">150407s1992||||xxc|||||     f|0| 0 eng d</marc:controlfield>
    <marc:datafield tag="020" ind1=" " ind2=" ">
      <marc:subfield code="a">0-660-14667-3</marc:subfield>
    </marc:datafield>
    <marc:datafield tag="040" ind1=" " ind2=" ">
      <marc:subfield code="a">CaOODSP</marc:subfield>
      <marc:subfield code="b">eng</marc:subfield>
    </marc:datafield>
    <marc:datafield tag="043" ind1=" " ind2=" ">
      <marc:subfield code="a">n-cn---</marc:subfield>
    </marc:datafield>
    <marc:datafield tag="086" ind1="1" ind2=" ">
      <marc:subfield code="a">P60-4/5-1992E</marc:subfield>
    </marc:datafield>
    <marc:datafield tag="110" ind1="2" ind2=" ">
      <marc:subfield code="a">Canada Communication Group. </marc:subfield>
      <marc:subfield code="b">Publishing.</marc:subfield>
    </marc:datafield>
    <marc:datafield tag="245" ind1="1" ind2="0">
      <marc:subfield code="a">Canada 125: its constitutions, 1763-1982 : </marc:subfield>
      <marc:subfield code="b">evolution of a democracy / </marc:subfield>
      <marc:subfield code="c">Edited by J. Fernand Tanguay. </marc:subfield>
    </marc:datafield>
    <marc:datafield tag="260" ind1=" " ind2=" ">
      <marc:subfield code="a">Montreal - Quebec : </marc:subfield>
      <marc:subfield code="b">Canada Communication Group. </marc:subfield>
      <marc:subfield code="c">1992.</marc:subfield>
    </marc:datafield>
    <marc:datafield tag="300" ind1=" " ind2=" ">
      <marc:subfield code="a">224, 29p. : </marc:subfield>
      <marc:subfield code="b">coloured illus., illus. ; </marc:subfield>
      <marc:subfield code="c">32 cm.</marc:subfield>
    </marc:datafield>
    <marc:datafield tag="500" ind1=" " ind2=" ">
      <marc:subfield code="a">"On the occasion of the 125th anniversary of the Canadian federation, the publishing house Les Éditions du Méridien is publishing the legal documents that constitute the Constitution of Canada, the fundamental law of the country."--Introduction. Contents: Chronology of our institutions.--Constitutional documents: The Royal Proclamation (1763); The Quebec Act, 1774; The Constitutional Act, 1791; The Union Act, 1840; The Constitution Act, 1867; Manitoba Act, 1870; Rupert's Land and North-Western Territory Order; British Columbia Terms of Union; Prince Edward Island Terms of Union; The Yukon Territory Act, 1898; Alberta Act (1905); Saskatchewan Act (1905); Statute of Westminster, 1931; Newfoundland Act (1949); Canada Act 1982, including the Constitution Act, 1982; Canada Act. Published jointly by Les Éditions du Méridien (ISBN 2-89415-091-1) and the Canada Communication Group, Publishing Division. Also available from Les Éditions du Méridien. Introduction by Gérald A. Beaudoin.</marc:subfield>
    </marc:datafield>
    <marc:datafield tag="520" ind1="3" ind2=" ">
      <marc:subfield code="a">To commemorate the 125th anniversary of the Canadian federation, the Canada Communication Group and Éditions du Méridien have jointly produced the legal texts, referred to as "Canada's Constitution", that created the Canada we know. This souvenir book of exceptional quality, designed like a family album with 32 colour illustrations, some of them little-known to the general public, will allow the reader to learn about the evolution of democracy in Canada from 1763 to the present.</marc:subfield>
    </marc:datafield>
    <marc:datafield tag="563" ind1=" " ind2=" ">
      <marc:subfield code="a">Clothbound</marc:subfield>
    </marc:datafield>
    <marc:datafield tag="590" ind1=" " ind2=" ">
      <marc:subfield code="a">92-48</marc:subfield>
      <marc:subfield code="b">1992-11-27</marc:subfield>
    </marc:datafield>
    <marc:datafield tag="690" ind1="0" ind2="7">
      <marc:subfield code="a">Constitution</marc:subfield>
      <marc:subfield code="2">gcpds</marc:subfield>
    </marc:datafield>
    <marc:datafield tag="690" ind1="0" ind2="7">
      <marc:subfield code="a">Canadian history</marc:subfield>
      <marc:subfield code="2">gcpds</marc:subfield>
    </marc:datafield>
    <marc:datafield tag="720" ind1="1" ind2=" ">
      <marc:subfield code="a">Tanguay, J. Fernand</marc:subfield>
    </marc:datafield>
    <marc:datafield tag="720" ind1="1" ind2=" ">
      <marc:subfield code="a">Beaudoin, Gérald A.</marc:subfield>
    </marc:datafield>
    <marc:datafield tag="775" ind1="0" ind2="8">
      <marc:subfield code="t">Canada 125: ses constitutions, 1763-1982 : </marc:subfield>
      <marc:subfield code="w">(CaOODSP)9.678399</marc:subfield>
    </marc:datafield>
    <marc:datafield tag="776" ind1="0" ind2="#">
      <marc:subfield code="t">Canada 125 : </marc:subfield>
      <marc:subfield code="w">(CaOODSP)9.889437</marc:subfield>
    </marc:datafield>
  </marc:record>
</marc:collection>
